|
|
|
|
| LEADER |
01079nam a22003012a 4500 |
| 001 |
000231914 |
| 003 |
CZ BrMZK |
| 005 |
20160212100057.0 |
| 007 |
ta |
| 008 |
970103s1987 xo f slo d |
| 040 |
|
|
|a BOA001
|b cze
|
| 041 |
1 |
|
|a slo
|h cze
|
| 080 |
|
|
|a 66(075.8)
|2 MRF
|
| 080 |
9 |
|
|a 66.011(075.3):377.35
|
| 100 |
1 |
|
|a Pecha, Ivo
|7 jk01092301
|4 aut
|
| 245 |
1 |
0 |
|a Chemické procesy :
|b pre 1. a 2. ročník SOU učebného odboru priemyselná chémia /
|c Ivo Pecha, Květoslava Remtová
|
| 250 |
|
|
|a 1. vyd.
|
| 260 |
|
|
|a Bratislava :
|b Alfa,
|c 1987
|
| 300 |
|
|
|a 429 s.
|
| 490 |
1 |
|
|a Edícia chemickej literatúry
|
| 500 |
|
|
|a Přeloženo z češtiny
|
| 700 |
1 |
|
|a Remtová, Květa
|7 jn99240000965
|4 trl
|
| 765 |
0 |
|
|t Chemické procesy
|9 Slovensky
|
| 830 |
|
0 |
|a Edícia chemickej literatúry (Alfa)
|
| 910 |
|
|
|a BOA001
|b M2-0918.163
|b TK-0233.587
|
| 990 |
|
|
|a BK
|
| 996 |
7 |
|
|b 2619146540
|c M2-0918.163
|l MZK
|r Sklad / do 24 hodin
|n 0
|w 000231914
|u 000020
|a 1
|e BOA001
|j MZK50
|s A
|
| 996 |
7 |
|
|b 2629997388
|c TK-0233.587
|l MZK
|r Sklad / do 24 hodin
|n 0
|w 000231914
|u 000010
|a 1
|e BOA001
|j MZK50
|s A
|